000 00623nam a2200205 a 4500
001 000015102
005 20240412074242.0
008 100201s2003 dr 000 p spa d
020 _a999349772X
040 _aDO-SdBNP
_bspa
_cBNPHU
082 _aRD861.44
_bB295
100 1 _aBaruc, Daniel,
_d1962-
_934189
245 1 0 _aCeremonia en torno a una ausencia /
_cDaniel Baruc.
260 _a[s.l] :
_b[s.n],
_c2003.
300 _a191 p. ;
_c21 cm.
500 _aIncluye datos biográficos del autor en la solapa de la cubierta.
650 0 _aPoesía dominicana
_966
650 0 _aLiteratura dominicana.
_967
049 _aBNPD
999 _c14674
_d14674